|
|
|
|
| LEADER |
02513nam a22004093i 4500 |
| 001 |
EBC6921720 |
| 003 |
MiAaPQ |
| 005 |
20231204023222.0 |
| 006 |
m o d | |
| 007 |
cr cnu|||||||| |
| 008 |
231204s2022 xx o ||||0 eng d |
| 020 |
|
|
|a 9783030932091
|q (electronic bk.)
|
| 020 |
|
|
|z 9783030932084
|
| 035 |
|
|
|a (MiAaPQ)EBC6921720
|
| 035 |
|
|
|a (Au-PeEL)EBL6921720
|
| 035 |
|
|
|a (OCoLC)1306056482
|
| 040 |
|
|
|a MiAaPQ
|b eng
|e rda
|e pn
|c MiAaPQ
|d MiAaPQ
|
| 050 |
|
4 |
|a HM623
|
| 082 |
0 |
|
|a 305
|
| 100 |
1 |
|
|a Haschemi Yekani, Elahe.
|
| 245 |
1 |
0 |
|a Revisualising Intersectionality.
|
| 250 |
|
|
|a 1st ed.
|
| 264 |
|
1 |
|a Cham :
|b Springer International Publishing AG,
|c 2022.
|
| 264 |
|
4 |
|c ©2022.
|
| 300 |
|
|
|a 1 online resource (137 pages)
|
| 336 |
|
|
|a text
|b txt
|2 rdacontent
|
| 337 |
|
|
|a computer
|b c
|2 rdamedia
|
| 338 |
|
|
|a online resource
|b cr
|2 rdacarrier
|
| 505 |
0 |
|
|a Intro -- Funding Acknowledgement -- Acknowledgements -- Contents -- List of Figures -- Chapter 1: Introduction: Revisualising Intersectionality -- Works Cited -- Chapter 2: Where Difference Begins -- Surfaces -- A Third Race -- The Power of Seeing -- Intersectional Perspectives -- Do We See What Is There? -- How Do We See What We See? -- Seeing Through Culture -- Towards Intersectional Stereotyping -- Attention: Exposure, Salience, Foregrounding -- Conclusions -- Works Cited -- Chapter 3: Revisualising Intersectionality: Conversations -- Trans* -- Sameness -- Perception -- Intimacy -- Conclusion -- Works Cited -- Films: -- Lectures: -- Performances: -- Texts: -- Chapter 4: The Ends of Visibility -- Visual Culture and Intersectionality -- Seeing Too Little, Seeing Too Much -- Other Modes of Seeing, Other Modes of Being -- Concluding Remarks -- Works Cited -- Films -- Chapter 5: Conclusion: Revising Intersectionality -- Works Cited -- Index.
|
| 588 |
|
|
|a Description based on publisher supplied metadata and other sources.
|
| 590 |
|
|
|a Electronic reproduction. Ann Arbor, Michigan : ProQuest Ebook Central, 2023. Available via World Wide Web. Access may be limited to ProQuest Ebook Central affiliated libraries.
|
| 655 |
|
4 |
|a Electronic books.
|
| 700 |
1 |
|
|a Nowicka, Magdalena.
|
| 700 |
1 |
|
|a Roxanne, Tiara.
|
| 776 |
0 |
8 |
|i Print version:
|a Haschemi Yekani, Elahe
|t Revisualising Intersectionality
|d Cham : Springer International Publishing AG,c2022
|z 9783030932084
|
| 797 |
2 |
|
|a ProQuest (Firm)
|
| 856 |
4 |
0 |
|u https://ebookcentral.proquest.com/lib/matrademy/detail.action?docID=6921720
|z Click to View
|